Every Pit of Misery Tower - Statistics

General Stats
  • This quiz has been taken 27 times
  • The average score is 9 of 12
Answer Stats
Difficulty Tower % Correct
Unreal Citadel of {Infinite Void}
93%
Unreal Tower of {Blind Fate}
86%
Easy Tower of {Modernistic Design Choices}
86%
Unreal Tower of {Spiralling Fates}
79%
Horrific Tower of {Vacant Hindrances}
79%
Horrific Tower of {Water Melon}
79%
Horrific Tower of {Eternal Void}
71%
Terrifying Tower of {Overthinking Life Choices}
71%
Terrifying Tower of {Xerically Infuriating Calamity}
71%
Horrific Tower of {The Roof’s Pique}
64%
Catastrophic Tower of {Vindictive Manuevers}
64%
Catastrophic Tower of {Shunning Excursion}
57%
No matching quizzes found
Score Distribution
Percent of People with Each Score
Percentile by Number Answered
Your Score History
You have not taken this quiz